00329nam a2200121Ia 4500008004100000041000800041082001500049100001600064245004500080260004200125300003100167365000900198240624s9999 xx 000 0 und d aeng a005.74 FIS aFISHER TONY aDATA ASSET HOW SMART COMPANIES GOVERN TH c2009aNew JerseybJohn Wiley and Sons axix, : 220 : p. : cm. ; 23 cb30